Statistics for Sport Clothing Brand by Logo

Click here to take the quiz!

General Stats

  • This quiz has been taken 279 times
    (160 since last reset)
  • The average score is 8 of 9

Answer Stats

Answer% Correct
Nike
100%
Adidas
99%
Puma
99%
New Balance
95%
Under Armour
88%
Wilson
78%
Umbro
73%
Asics
72%
Reebok
48%

Score Distribution

Percentile by Number Answered

Percent of People with Each Score

Your Score History

You have not taken this quiz since the last reset